| 000 | 00815nas a2200241 i 4500 | ||
|---|---|---|---|
| 001 | 1712 | ||
| 003 | ES-MaACL | ||
| 005 | 20250217134333.0 | ||
| 007 | t| | ||
| 008 | 950801d18091967xxk | | 1 ||ng d | ||
| 022 | _a2043-5819 | ||
| 245 | 0 | 4 | _aThe Quarterly review. |
| 260 |
_aLondon : _bJohn Murray, _c1809-1967 ( _fW. Clowes and Sons) |
||
| 300 |
_a186 v. ; _c22 cm. |
||
| 310 | _aTrimestral | ||
| 362 | 0 | _aVol. 1, n. 1 (Feb. 1809)-v. 305, n. 654 (Oct. 1967) | |
| 500 | _aEn 1940 hay un índice que comprende del v. CXLI al CLIX. | ||
| 650 | 1 | 4 |
_aRevistas de información general. _916896 |
| 650 | 4 |
_aLiteratura inglesa- _yS.XIX. _9142569 |
|
| 852 |
_aES-MaACL _jHem-821 |
||
| 866 | 0 | _o(1835),1844-46(1847f.v.LXX)1848-70(1871f.v.131)1872-1934(1935f.abr.y jul.)1936f.v.267)1937-39. | |
| 999 |
_c1712 _d1712 |
||